|
|
|
|
| LEADER |
00000nam a2200000 a 4500 |
| 001 |
UCP3531 |
| 003 |
CL-VaPUC |
| 008 |
990625e19980000CL |||||||||||||||||spa|d |
| 082 |
0 |
4 |
|a 346.07
|b BAE
|2 21
|
| 100 |
|
|
|a Baeza Ovalle, Gonzalo
|e author
|9 528732
|
| 245 |
1 |
0 |
|a Derecho comercial
|
| 300 |
|
|
|a v
|
| 942 |
|
|
|c BK
|
| 945 |
|
|
|d 19990625 00:00:00
|a vberengu
|
| 260 |
|
|
|a Santiago
|b Conosur
|c 1998
|
| 500 |
|
|
|a v.1: Del comercio y del comerciante
|
| 500 |
|
|
|a v.2: De las Sociedades
|
| 500 |
|
|
|a v.3: Títulos de créditos
|
| 650 |
|
0 |
|a Sociedades
|9 259052
|
| 650 |
|
7 |
|a CONTRATO DE SOCIEDAD
|2 CL-VaPUC
|9 398370
|
| 650 |
|
7 |
|a SOCIEDAD COLECTIVA
|2 CL-VaPUC
|9 430899
|
| 650 |
|
7 |
|a SOCIO
|2 CL-VaPUC
|9 430837
|
| 650 |
|
0 |
|a Capital
|9 263726
|
| 650 |
|
0 |
|a Responsabilidad
|9 308399
|
| 650 |
|
7 |
|a SOCIEDAD ANONIMA
|2 CL-VaPUC
|9 430900
|
| 650 |
|
0 |
|a Derecho societario
|9 430901
|
| 650 |
|
0 |
|a Nulidad
|9 256755
|
| 650 |
|
0 |
|a Derecho comercial
|9 256340
|
| 650 |
|
0 |
|a Derecho comercial chileno
|9 430902
|
| 650 |
|
7 |
|a TITULOS DE CREDITOS
|2 CL-VaPUC
|9 382197
|
| 583 |
|
|
|a last modification
|c 19990625 00:00:00
|k Rodrigo Vera
|
| 999 |
|
|
|c 281839
|d 281837
|
| 952 |
|
|
|0 0
|1 0
|4 0
|6 346_070000000000000_BAE_1998
|7 0
|8 A
|9 322839
|a BIBDER
|b BIBDER
|d 2019-11-20
|h v.1
|i 3633306
|o 346.07 BAE 1998
|p 3633306
|r 2019-11-20
|w 2019-11-20
|y BK
|k DER
|
| 952 |
|
|
|0 0
|1 0
|4 0
|6 346_070000000000000_BAE_1998
|7 0
|8 A
|9 322840
|a BIBDER
|b BIBDER
|d 2019-11-20
|h v.2
|i 3633314
|o 346.07 BAE 1998
|p 3633314
|r 2019-11-20
|w 2019-11-20
|y BK
|k DER
|
| 952 |
|
|
|0 0
|1 0
|4 0
|6 346_070000000000000_BAE_1998
|7 0
|8 A
|9 322841
|a BIBDER
|b BIBDER
|d 2019-11-20
|h v.3
|i 3633322
|o 346.07 BAE 1998
|p 3633322
|r 2019-11-20
|w 2019-11-20
|y BK
|k DER
|